000 00374nam a2200169Ia 4500
001 22596
003 IN-NITTTR
005 20251114233255.0
008 251113s9999||||xx |||||||||||||| ||eng||
040 _beng
040 _cIN-NITTTR
041 _aeng
082 _a824 M299H
100 _aMalviya, O. P.
245 0 _aHazlit essays. /
_cMalviya, O. P.
942 _2ddc
_cBK
999 _c25225
_d25225